| 000 | 00408nam a2200181Ia 4500 | ||
|---|---|---|---|
| 100 | _aShirley/Peter/ Marschner/Steve | ||
| 650 | _aComputer graphics | ||
| 250 | _a3 | ||
| 942 | _cBK | ||
| 366 | _f25 | ||
| 654 | _acomputer graphics | ||
| 245 | _aFundamentals of Computer Graphics | ||
| 260 |
_bA.K.Peters _c2010 |
||
| 082 |
_a6.6 _bSHI |
||
| 300 | _a287 | ||
| 546 |
_aENGLISH _cComputers |
||
| 999 |
_c20788 _d20788 |
||